| 000 | 00824nam a22002537a 4500 | ||
|---|---|---|---|
| 005 | 20140502103129.0 | ||
| 010 | _aENG-109651 | ||
| 020 |
_c599.00 _a9781259098499 |
||
| 020 |
_c599.00 _a1259098494 |
||
| 035 | _aEN-93184 | ||
| 037 | _bDBAD/PUB | ||
| 082 | _a628 | ||
| 100 | _aDavis, Mackenzie L | ||
| 245 | 0 | 0 |
_aPrinciples of environmental engineering and science / _cby Mackenzie L. Davis [and] Susan J. Masten |
| 250 | _a2nd ed | ||
| 260 |
_aNew Delhi _bMcGraw Hill Education _c2013 |
||
| 270 |
_aP-24, Green Park Extn. _bNew Delhi _e110016 |
||
| 300 |
_axv,784p. : _c25cm(pbk) _bill.,maps |
||
| 500 | _a Includes bibliographical references and index. | ||
| 650 | _aEnvironmental engineering. | ||
| 650 | _aEnvironmental sciences. | ||
| 700 | _aMasten, Susan J | ||
| 942 |
_2ddc _cEN _mDAV _h628 |
||
| 999 |
_c83275 _d83275 |
||